Air Force Major Commands Quiz Stats

 Plays Quiz not verified by Sporcle

Challenge
Share
Tweet
Embed
Score 0/10 Timer 04:00
0 Plays Today
Abbreviation Name % Correct
AFSOCAir Force Special Operations Command
89.5%
AFRCAir Force Reserve Command
89.5%
ACCAir Combat Command
87.7%
AETCAir Education and Training Command
87.7%
AMCAir Mobility Command
82.5%
AFSPCAir Force Space Command
78.9%
PACAFPacific Air Forces
73.7%
AFGSAir Force Global Strike Command
73.7%
USAFEUnited States Air Forces in Europe
68.4%
AFMCAir Force Materiel Command
66.7%

You're not logged in!

Compare scores with friends on all Sporcle quizzes.
Join for Free
OR
Log In

You Might Also Like...

Show Comments

Extras

Top Quizzes Today


Score Distribution

Your Account Isn't Verified!

In order to create a playlist on Sporcle, you need to verify the email address you used during registration. Go to your Sporcle Settings to finish the process.

Report this User

Report this user for behavior that violates our Community Guidelines.

Details: